000 00803nam a2200217Ia 4500
003 GCL
008 140319s9999 xx 000 0 ara d
020 _a*048909960
040 _aGCL /
_cGCL
082 0 4 _a915.3121
_bأ أ
100 1 _aاى رواته , لماريانو دى بانو
245 1 0 _aاناشيد الحاج بو مونثون رحلة فى القرن السادس عشر /
_cاى رواته , لماريانو دى بانو
700 1 _aعبدالله احبيلو
700 1 _aعبدالله العمير
260 _aالرياض :
_bمركز الملك فيصل ،
_c2003
300 _a152 ص ؛
_c25 سم
650 0 4 _aالاناشيد
650 0 4 _aمكة المكرمة - وصف ورحلات
650 0 4 _aالشعر الدينى - السعودية
942 _2ddc
_cBK
999 _c7305
_d7305